<?xml version="1.0" encoding="UTF-8"?>
<record
    xmlns:xsi="http://www.w3.org/2001/XMLSchema-instance"
    xsi:schemaLocation="http://www.loc.gov/MARC21/slim http://www.loc.gov/standards/marcxml/schema/MARC21slim.xsd"
    xmlns="http://www.loc.gov/MARC21/slim">

  <leader>02448nam a22002895a 4500</leader>
  <controlfield tag="003">EG-ScBUE</controlfield>
  <controlfield tag="005">20220328123755.0</controlfield>
  <controlfield tag="008">190307s2017    ua     f      000 f ara d</controlfield>
  <datafield tag="017" ind1=" " ind2=" ">
    <subfield code="a">2017 / 9060</subfield>
  </datafield>
  <datafield tag="020" ind1=" " ind2=" ">
    <subfield code="a">9789778200188</subfield>
  </datafield>
  <datafield tag="040" ind1=" " ind2=" ">
    <subfield code="a">EG-ScBUE</subfield>
    <subfield code="b">ara</subfield>
    <subfield code="e">rda</subfield>
    <subfield code="c">EG-ScBUE</subfield>
    <subfield code="d">EG-ScBUE</subfield>
  </datafield>
  <datafield tag="082" ind1="0" ind2="4">
    <subfield code="a">892.736</subfield>
    <subfield code="b">&#x62A; &#x648; &#x641;</subfield>
    <subfield code="2">22</subfield>
  </datafield>
  <datafield tag="100" ind1="1" ind2=" ">
    <subfield code="a">&#x62A;&#x648;&#x641;&#x64A;&#x642;&#x60C; &#x623;&#x62D;&#x645;&#x62F; &#x62E;&#x627;&#x644;&#x62F;&#x60C;</subfield>
    <subfield code="d">1962-2018&#x60C;</subfield>
    <subfield code="e">&#x645;&#x624;&#x644;&#x641;.</subfield>
    <subfield code="9">40942</subfield>
  </datafield>
  <datafield tag="245" ind1="1" ind2="0">
    <subfield code="a">WWW :</subfield>
    <subfield code="b">&#x62E;&#x645;&#x633; &#x631;&#x648;&#x627;&#x64A;&#x627;&#x62A; &#x643;&#x627;&#x645;&#x644;&#x629; /</subfield>
    <subfield code="c">&#x62F;. &#x623;&#x62D;&#x645;&#x62F; &#x62E;&#x627;&#x644;&#x62F; &#x62A;&#x648;&#x641;&#x64A;&#x642;.</subfield>
  </datafield>
  <datafield tag="246" ind1="3" ind2="0">
    <subfield code="a">&#x62F;&#x628;&#x644;&#x64A;&#x648; &#x62F;&#x628;&#x644;&#x64A;&#x648; &#x62F;&#x628;&#x644;&#x64A;&#x648;</subfield>
  </datafield>
  <datafield tag="264" ind1=" " ind2="1">
    <subfield code="a">&#x627;&#x644;&#x62C;&#x64A;&#x632;&#x629;&#x60C; &#x645;&#x635;&#x631; :</subfield>
    <subfield code="b">&#x643;&#x64A;&#x627;&#x646; &#x644;&#x644;&#x646;&#x634;&#x631; &#x648;&#x627;&#x644;&#x62A;&#x648;&#x632;&#x64A;&#x639;&#x60C;</subfield>
    <subfield code="c">2017.</subfield>
  </datafield>
  <datafield tag="300" ind1=" " ind2=" ">
    <subfield code="a">420 &#x635;&#x641;&#x62D;&#x629; &#x61B;</subfield>
    <subfield code="c">20 &#x633;&#x645;</subfield>
  </datafield>
  <datafield tag="336" ind1=" " ind2=" ">
    <subfield code="2">rdacontent</subfield>
    <subfield code="a">&#x646;&#x635;</subfield>
    <subfield code="b">txt</subfield>
  </datafield>
  <datafield tag="337" ind1=" " ind2=" ">
    <subfield code="2">rdamedia</subfield>
    <subfield code="a">&#x628;&#x62F;&#x648;&#x646; &#x648;&#x633;&#x64A;&#x637;</subfield>
    <subfield code="b">n</subfield>
  </datafield>
  <datafield tag="338" ind1=" " ind2=" ">
    <subfield code="2">rdacarrier</subfield>
    <subfield code="a">&#x645;&#x62C;&#x644;&#x62F;</subfield>
    <subfield code="b">nc</subfield>
  </datafield>
  <datafield tag="520" ind1=" " ind2=" ">
    <subfield code="a">&#x647;&#x630;&#x647; &#x627;&#x644;&#x642;&#x635;&#x629; &#x64A;&#x62D;&#x643;&#x64A;&#x647;&#x627; &#x644;&#x643;&#x645; &#x641;&#x64A;&#x631;&#x648;&#x633; &#x643;&#x645;&#x628;&#x64A;&#x648;&#x62A;&#x631;.. &#x644;&#x648; &#x643;&#x646;&#x62A; &#x62A;&#x62C;&#x62F; &#x647;&#x630;&#x627; &#x633;&#x62E;&#x64A;&#x641;&#x64B;&#x627; &#x623;&#x648; &#x644;&#x627; &#x64A;&#x635;&#x62F;&#x642;&#x60C; &#x641;&#x628;&#x648;&#x633;&#x639;&#x643; &#x627;&#x644;&#x627;&#x646;&#x635;&#x631;&#x627;&#x641; &#x645;&#x646; &#x627;&#x644;&#x622;&#x646;&#x60C; &#x648;&#x62B;&#x642; &#x623;&#x646;&#x647; &#x644;&#x646; &#x64A;&#x641;&#x648;&#x62A;&#x643; &#x634;&#x64A;&#x621; &#x625;&#x644;&#x627; &#x627;&#x644;&#x645;&#x632;&#x64A;&#x62F; &#x645;&#x646; &#x627;&#x644;&#x63A;&#x64A;&#x638; &#x648;&#x627;&#x644;&#x627;&#x62D;&#x62A;&#x642;&#x627;&#x646; &#x648;&#x627;&#x644;&#x639;&#x635;&#x628;&#x64A;&#x629;.. &#x644;&#x643;&#x646; &#x644;&#x627; &#x62A;&#x628;&#x642; &#x647;&#x646;&#x627; &#x62A;&#x635;&#x63A;&#x649; &#x62B;&#x645; &#x62A;&#x642;&#x648;&#x644;: &#x647;&#x630;&#x627; &#x647;&#x631;&#x627;&#x621;.. &#x644;&#x627; &#x62A;&#x642;&#x644; &#x625;&#x646;&#x646;&#x64A; &#x644;&#x645; &#x623;&#x646;&#x630;&#x631;&#x643; &#x645;&#x646;&#x630; &#x627;&#x644;&#x644;&#x62D;&#x638;&#x629; &#x627;&#x644;&#x623;&#x648;&#x644;&#x649; &#x648;&#x628;&#x639;&#x62F; &#x639;&#x62F;&#x629; &#x623;&#x633;&#x637;&#x631; &#x645;&#x646; &#x62A;&#x639;&#x627;&#x631;&#x641;&#x646;&#x627;... &#x633;&#x648;&#x641; &#x64A;&#x643;&#x648;&#x646; &#x62A;&#x635;&#x631;&#x641;&#x643; &#x648;&#x642;&#x62A;&#x647;&#x627; &#x643;&#x645;&#x646; &#x628;&#x62F;&#x623; &#x644;&#x639;&#x628; &#x627;&#x644;&#x634;&#x637;&#x631;&#x646;&#x62C; &#x62B;&#x645; &#x642;&#x631;&#x631; &#x628;&#x639;&#x62F; &#x633;&#x627;&#x639;&#x629; &#x2013; &#x648;&#x642;&#x62F; &#x628;&#x62F;&#x623; &#x64A;&#x62E;&#x633;&#x631; &#x2013; &#x623;&#x646;&#x647;&#x627; &#x644;&#x639;&#x628;&#x629; &#x633;&#x62E;&#x64A;&#x641;&#x629;&#x60C; &#x648;&#x642;&#x644;&#x628; &#x627;&#x644;&#x631;&#x642;&#x639;&#x629; &#x628;&#x645;&#x627; &#x639;&#x644;&#x64A;&#x647;&#x60C; &#x648;&#x647;&#x630;&#x627; &#x62A;&#x635;&#x631;&#x641; &#x64A;&#x641;&#x62A;&#x642;&#x631; &#x644;&#x644;&#x639;&#x62F;&#x644; &#x648;&#x639;&#x644;&#x649; &#x645;&#x646; &#x628;&#x62F;&#x623; &#x644;&#x639;&#x628;&#x629; &#x623;&#x646; &#x64A;&#x633;&#x62A;&#x643;&#x645;&#x644;&#x647;&#x627; &#x628;&#x642;&#x648;&#x627;&#x639;&#x62F;&#x647;&#x627; &#x648;&#x625;&#x644;&#x627; &#x641;&#x644;&#x64A;&#x62A;&#x631;&#x643;&#x647;&#x627; &#x648;&#x644;&#x627; &#x64A;&#x628;&#x62F;&#x623;. &#x623;&#x645;&#x627; &#x645;&#x646; &#x64A;&#x62C;&#x62F;&#x648;&#x646; &#x623;&#x646; &#x645;&#x627; &#x623;&#x642;&#x648;&#x644; &#x64A;&#x633;&#x62A;&#x627;&#x647;&#x644; &#x627;&#x644;&#x62A;&#x648;&#x642;&#x641; &#x648;&#x627;&#x644;&#x625;&#x635;&#x63A;&#x627;&#x621; &#x2013; &#x628;&#x635;&#x631;&#x641; &#x627;&#x644;&#x646;&#x638;&#x631; &#x639;&#x646; &#x645;&#x62D;&#x62A;&#x648;&#x627;&#x647; &#x2013; &#x641;&#x645;&#x646; &#x62D;&#x642;&#x647;&#x645; &#x623;&#x646; &#x64A;&#x639;&#x631;&#x641;&#x648;&#x627; &#x643;&#x64A;&#x641; &#x628;&#x62F;&#x623; &#x643;&#x644; &#x634;&#x64A;&#x621; &#x647;&#x644; &#x627;&#x62E;&#x62A;&#x631;&#x62A;&#x647;&#x645; &#x2013; &#x628;&#x62A;&#x641;&#x643;&#x64A;&#x631;&#x643;&#x645; &#x627;&#x644;&#x628;&#x634;&#x631;&#x64A; &#x627;&#x644;&#x646;&#x645;&#x637;&#x64A; &#x2013; &#x644;&#x644;&#x643;&#x627;&#x62A;&#x628; &#x623;&#x633;&#x645; ( &#x645;&#x630;&#x643;&#x631;&#x627;&#x62A; &#x641;&#x64A;&#x631;&#x648;&#x633; )&#x61F;.. &#x644;&#x627;&#x61F; &#x627;&#x62D;&#x633;&#x646;&#x62A;&#x645; &#x635;&#x646;&#x639;&#x64B;&#x627;..&#x625;&#x646;&#x647; &#x639;&#x646;&#x648;&#x627;&#x646; &#x62A;&#x642;&#x644;&#x64A;&#x62F;&#x64A; &#x631;&#x62A;&#x64A;&#x628;.. &#x644;&#x645; &#x644;&#x627; &#x62A;&#x62E;&#x62A;&#x627;&#x631;&#x648;&#x646; &#x639;&#x646;&#x648;&#x627;&#x646;&#x64B;&#x627; &#x623;&#x643;&#x62B;&#x631; &#x63A;&#x631;&#x627;&#x628;&#x629; &#x648;&#x625;&#x62B;&#x627;&#x631;&#x629; &#x644;&#x644;&#x641;&#x636;&#x648;&#x644;&#x61F;.. AT&#x61F; &#x62C;&#x645;&#x64A;&#x644; &#x644;&#x643;&#x646; &#x647;&#x646;&#x627;&#x643; &#x641;&#x64A;&#x644;&#x645;&#x64B;&#x627; &#x634;&#x647;&#x64A;&#x631;&#x64B;&#x627; &#x633;&#x628;&#x642;&#x646;&#x627; &#x625;&#x644;&#x649; &#x647;&#x630;&#x627; &#x627;&#x644;&#x639;&#x646;&#x648;&#x627;&#x646; &#x644;&#x644;&#x623;&#x633;&#x641;... &#x644;&#x645; &#x644;&#x627; &#x62A;&#x637;&#x644;&#x642;&#x648;&#x646; &#x639;&#x644;&#x64A;&#x647;&#x627; &#x623;&#x633;&#x645; WWW&#x61F;.</subfield>
  </datafield>
  <datafield tag="650" ind1=" " ind2="7">
    <subfield code="a">&#x627;&#x644;&#x642;&#x635;&#x635; &#x627;&#x644;&#x639;&#x631;&#x628;&#x64A;&#x629;</subfield>
    <subfield code="z">&#x645;&#x635;&#x631;</subfield>
    <subfield code="y">&#x642;&#x631;&#x646; 20.</subfield>
    <subfield code="2">BUEsh</subfield>
    <subfield code="9">28134</subfield>
  </datafield>
  <datafield tag="651" ind1=" " ind2=" ">
    <subfield code="2">BUEsh</subfield>
  </datafield>
  <datafield tag="653" ind1=" " ind2=" ">
    <subfield code="b">ARALIT</subfield>
    <subfield code="c">March2019</subfield>
  </datafield>
  <datafield tag="655" ind1=" " ind2=" ">
    <subfield code="v">Reading book</subfield>
    <subfield code="9">34232</subfield>
  </datafield>
  <datafield tag="942" ind1=" " ind2=" ">
    <subfield code="2">ddc</subfield>
  </datafield>
  <datafield tag="999" ind1=" " ind2=" ">
    <subfield code="c">27223</subfield>
    <subfield code="d">27194</subfield>
  </datafield>
  <datafield tag="952" ind1=" " ind2=" ">
    <subfield code="0">0</subfield>
    <subfield code="1">0</subfield>
    <subfield code="2">ddc</subfield>
    <subfield code="4">0</subfield>
    <subfield code="7">0</subfield>
    <subfield code="8">Alahram</subfield>
    <subfield code="a">MAIN</subfield>
    <subfield code="b">MAIN</subfield>
    <subfield code="c">2ND</subfield>
    <subfield code="d">2019-03-07</subfield>
    <subfield code="e">Purchase</subfield>
    <subfield code="g">65.00</subfield>
    <subfield code="h">23664</subfield>
    <subfield code="o">892.736 &#x62A; &#x648; &#x641;</subfield>
    <subfield code="p">000044353</subfield>
    <subfield code="q">2021-12-06</subfield>
    <subfield code="r">2021-11-22 00:00:00</subfield>
    <subfield code="s">2021-11-22</subfield>
    <subfield code="v">81.25</subfield>
    <subfield code="y">BB</subfield>
  </datafield>
  <datafield tag="952" ind1=" " ind2=" ">
    <subfield code="0">0</subfield>
    <subfield code="1">0</subfield>
    <subfield code="2">ddc</subfield>
    <subfield code="4">0</subfield>
    <subfield code="7">0</subfield>
    <subfield code="8">Alahram</subfield>
    <subfield code="a">MAIN</subfield>
    <subfield code="b">MAIN</subfield>
    <subfield code="c">2ND</subfield>
    <subfield code="d">2019-04-07</subfield>
    <subfield code="e">Purchase</subfield>
    <subfield code="g">65.00</subfield>
    <subfield code="h">529</subfield>
    <subfield code="o">892.736 &#x62A; &#x648; &#x641;</subfield>
    <subfield code="p">000044548</subfield>
    <subfield code="r">2022-10-16 00:00:00</subfield>
    <subfield code="s">2022-06-13</subfield>
    <subfield code="v">81.25</subfield>
    <subfield code="y">BB</subfield>
  </datafield>
</record>
